Brick Country Flags - 1 minute challenge - Statistics

General Stats
  • This quiz has been taken 86 times
  • The average score is 15 of 20
Answer Stats
Picture Answer % Correct
Brazil
100%
Japan
100%
Sweden
98%
Uruguay
98%
Turkmenistan
90%
Australia
84%
Azerbaijan
84%
Lebanon
84%
Chad
78%
Guyana
78%
Luxembourg
78%
Georgia
70%
Sierra Leone
68%
Nauru
64%
Maldives
62%
Antigua and Barbuda
58%
Estonia
58%
Nicaragua
56%
Lesotho
54%
Suriname
46%
No matching quizzes found
Score Distribution
Percent of People with Each Score
Percentile by Number Answered
Your Score History
You have not taken this quiz